[Event "ROM-ch U14"]
[Site "Calimanesti Caciulata"]
[Date "2019.04.19"]
[Round "6"]
[White "Ungureanu, Stefanis Nicolae"]
[Black "Tabacaru, Gabriel Sergiu"]
[Result "1-0"]
[WhiteElo "1177"]
[BlackElo "1408"]
[PlyCount "47"]
[EventDate "2019.04.15"]
[EventType "swiss"]
[EventRounds "9"]
[EventCountry "ROU"]
[SourceTitle "CBM 190 Extra"]
[Source "ChessBase"]
[SourceDate "2019.07.15"]
[SourceVersion "1"]
[SourceVersionDate "2019.07.15"]
[SourceQuality "1"]

1. e4 e6 2. d4 d5 3. Nc3 Nf6 4. e5 Nfd7 5. a3 c5 6. Nge2 Nc6 7. f4 Be7 8. Be3 0-0 9. Qd2 cxd4 10. Nxd4 Nb6 11. Nf3 f6 12. h4 fxe5 13. fxe5 Nd7 14. Nxd5 exd5 15. Qxd5+ Kh8 16. 0-0-0 Nb6 17. Qe4 Qc7 18. e6 Rd8 19. Bd3 Rxd3 20. Rxd3 Qg3 21. Rhd1 Qxg2 22. Qxc6 Bxe6 23. Qxe6 Qxf3 24. Qxe7 1-0

[Event "ROM-ch U14"]
[Site "Calimanesti Caciulata"]
[Date "2019.04.17"]
[Round "4"]
[White "Ungureanu, Stefanis Nicolae"]
[Black "Simon, Cristian Eduard"]
[Result "0-1"]
[WhiteElo "1177"]
[BlackElo "1429"]
[PlyCount "68"]
[EventDate "2019.04.15"]
[EventType "swiss"]
[EventRounds "9"]
[EventCountry "ROU"]
[SourceTitle "CBM 190 Extra"]
[Source "ChessBase"]
[SourceDate "2019.07.15"]
[SourceVersion "1"]
[SourceVersionDate "2019.07.15"]
[SourceQuality "1"]

1. e4 c5 2. Nf3 g6 3. d4 cxd4 4. Nxd4 Nc6 5. Be3 Bg7 6. Nc3 Nf6 7. Qd2 Ng4 8. 0-0-0 Nxe3 9. Qxe3 Nxd4 10. Rxd4 Bxd4 11. Qxd4 0-0 12. Bc4 d6 13. h4 Qb6 14. Qd2 Qc5 15. Bb3 Qh5 16. Nd5 Qe5 17. Qd3 b6 18. f4 Qh5 19. Nxe7+ Kg7 20. Qd4+ f6 21. Qxd6 Qc5 22. Qxc5 bxc5 23. Nxc8 Raxc8 24. f5 c4 25. Ba4 Rc5 26. Bd7 Re5 27. fxg6 hxg6 28. Bc6 Rc8 29. Bd5 f5 30. Re1 fxe4 31. Rxe4 Rxd5 32. Re7+ Kf6 33. Rxa7 Rcd8 34. Ra6+ Ke5 0-1

[Event "ROM-ch U14"]
[Site "Calimanesti"]
[Date "2018.04.01"]
[Round "7"]
[White "Ungureanu, Stefanis Nicolae"]
[Black "Vasile, Bogdan Mihai"]
[Result "0-1"]
[WhiteElo "1202"]
[BlackElo "1001"]
[PlyCount "76"]
[EventDate "2018.03.27"]
[EventType "swiss"]
[EventRounds "9"]
[EventCountry "ROU"]
[SourceTitle "CBM 183 Extra"]
[Source "ChessBase"]
[SourceDate "2018.04.19"]
[SourceVersion "1"]
[SourceVersionDate "2018.04.19"]
[SourceQuality "1"]

1. d4 d5 2. c4 c6 3. Nf3 Nf6 4. Nc3 g6 5. e3 Bg7 6. Bd3 0-0 7. 0-0 Qc7 8. Bd2 e6 9. Re1 a6 10. Rc1 Nbd7 11. cxd5 exd5 12. b4 b6 13. Qb3 Bb7 14. Nxd5 Nxd5 15. e4 Ne7 16. a4 Qb8 17. Bc4 b5 18. axb5 cxb5 19. Bd3 Rd8 20. Ng5 Rf8 21. e5 Bd5 22. Qd1 f6 23. e6 fxg5 24. exd7 Nc6 25. Bxg5 Bxd4 26. Re2 Qa7 27. Be4 Qxd7 28. Bxd5+ Qxd5 29. Be3 Rad8 30. Rd2 Rf6 31. Rc5 Qd6 32. Kh1 Rf5 33. Rxc6 Qxc6 34. Qb3+ Rfd5 35. Rxd4 Kg7 36. Rxd5 Qxd5 37. Qc3+ Kf7 38. Qc7+ Kg8 0-1

[Event "ROM-ch U10"]
[Site "Calimanesti"]
[Date "2014.04.10"]
[Round "6"]
[White "Ungureanu, Stefanis Nicolae"]
[Black "Bordei, Rares Gabriel"]
[Result "0-1"]
[WhiteElo "1001"]
[BlackElo "1088"]
[PlyCount "49"]
[EventDate "2014.04.06"]
[EventType "swiss"]
[EventRounds "9"]
[EventCountry "ROU"]
[SourceTitle "CBM 160 Extra"]
[Source "ChessBase"]
[SourceDate "2014.07.01"]
[SourceVersion "1"]
[SourceVersionDate "2014.07.01"]
[SourceQuality "1"]

1. e4 e5 2. Nf3 Nf6 3. d4 exd4 4. Qxd4 Nc6 5. Qd1 Bc5 6. e5 Ng4 7. Be3 Nxe3 8. fxe3 Qe7 9. Qe2 Nxe5 10. Nxe5 Qxe5 11. c3 Qxe3 12. Qxe3+ Bxe3 13. Nd2 Bxd2+ 14. Kxd2 0-0 15. Rc1 d5 16. Kc2 Bf5+ 17. Bd3 Bxd3+ 18. Kxd3 h6 19. b3 Rfe8 20. c4 dxc4+ 21. bxc4 Rad8+ 22. Kc2 Re2+ 23. Kb1 Rdd2 24. Rhe1 Rb2+ 25. Ka1 0-1